000 00841nam a2200253Ia 4500
003 OSt
005 20220923211622.0
006 a|||||r|||| 00| 0
007 ta
008 220922b |||||||| |||| 00| 0 san d
024 _a13,981
037 _cTextual
040 _aARTS
_cARTS
_bsan
041 _2san
_asan
082 _aDelta25xJ32,1, 152M5
100 _aगोस्वामी, जीव
_9156358
245 0 _aभक्तिसन्दर्भः
246 _aBhaktisandarbhah
260 _aवृन्दावन
_b हरिदास निवास
_c1985
300 _a381पृ0
_ccm.
650 _aआध्यात्मिक अनुभव और रहस्यवाद
942 _hDelta25xJ32,1, 152M5
_cTEXL
_2CC
999 _c301537
_d301537